Leyendas de la antigua America / (Record no. 27022)

MARC details
000 -LEADER
fixed length control field 00685nam a22002297a 4500
001 - CONTROL NUMBER
control field SJDS
003 - CONTROL NUMBER IDENTIFIER
control field SJDS
005 - DATE AND TIME OF LATEST TRANSACTION
control field 20220808185110.0
008 - FIXED-LENGTH DATA ELEMENTS--GENERAL INFORMATION
fixed length control field 220518b mx ||||| |||| 00| 0 spa d
020 ## - INTERNATIONAL STANDARD BOOK NUMBER
International Standard Book Number 9684091397
020 ## - INTERNATIONAL STANDARD BOOK NUMBER
International Standard Book Number 9789684091399
040 ## - CATALOGING SOURCE
Transcribing agency sjds
041 ## - LANGUAGE CODE
Language code of text/sound track or separate title spa
100 ## - MAIN ENTRY--PERSONAL NAME
Personal name Camus, William
245 ## - TITLE STATEMENT
Title Leyendas de la antigua America /
Statement of responsibility, etc. William Camus ; ilustraciones de K. Omeite ; [traduccion de Cristina Krafft].
260 ## - PUBLICATION, DISTRIBUTION, ETC. (IMPRINT)
Place of publication, distribution, etc. Mexico, D.F. :
Name of publisher, distributor, etc. EDAMEX,
Date of publication, distribution, etc. 1993, c1979.
300 ## - PHYSICAL DESCRIPTION
Extent 126 pages :
Other physical details illustrations ;
Dimensions 20 cm.
500 ## - GENERAL NOTE
General note Translation of: Legendes de la Vieille-Amerique.
700 ## - ADDED ENTRY--PERSONAL NAME
Personal name Omeite, K.
700 ## - ADDED ENTRY--PERSONAL NAME
Personal name Krafft, Christina
942 ## - ADDED ENTRY ELEMENTS (KOHA)
Koha item type Libro/Book
Holdings
Withdrawn status Lost status Damaged status Not for loan Home library Current library Date acquired Inventory number Total Checkouts Full call number Barcode Date last seen Date checked out Price effective from Koha item type
        San Juan Del Sur -- Mobile San Juan Del Sur -- Mobile 08/08/2022 Inventory date: 27-2-25 3 JC 33016555 06/11/2024 21/08/2024 08/08/2022 Libro/Book
        San Juan Del Sur -- Mobile San Juan Del Sur -- Mobile 08/08/2022 Inventory date: 27-2-25 2 JC 33016556 15/08/2024 01/03/2024 08/08/2022 Libro/Book

Powered by Koha